000
00253nam a22000977a 4500
008
230712b |||||||| |||| 00| 0 eng d
020
_a
9781974720149
100
_a
Akutami Gege
_9
7692
245
_a
Jusustu Kaisen-0
260
_a
San Francisco
_b
Viz media
_c
2021
999
_c
12352
_d
12352